[Event "Pardubice op rap 25th"]
[Site "Pardubice"]
[Date "2014.07.17"]
[Round "7"]
[White "Gadzhiev, Farid"]
[Black "Sykora, Josef"]
[Result "1-0"]
[WhiteElo "1889"]
[BlackElo "2117"]
[PlyCount "67"]
[EventDate "2014.07.16"]
[EventType "swiss (rapid)"]
[EventRounds "9"]
[EventCountry "CZE"]
[SourceTitle "EXT 2015"]
[Source "ChessBase"]
[SourceDate "2014.11.20"]
[SourceVersion "1"]
[SourceVersionDate "2014.11.20"]
[SourceQuality "1"]

1. e4 c6 2. d4 d5 3. Nc3 dxe4 4. Nxe4 Nd7 5. Bc4 e6 6. Nf3 Ngf6 7. Nxf6+ Nxf6 8. 0-0 Be7 9. b3 0-0 10. Bb2 b6 11. Qe2 Bb7 12. Rfd1 Qc7 13. Rac1 Rfd8 14. Bd3 Qf4 15. c4 c5 16. d5 Bd6 17. Bxf6 Qxf6 18. Be4 Bf4 19. Rb1 exd5 20. Bxd5 Bxd5 21. Rxd5 Rxd5 22. cxd5 Rd8 23. Rd1 Bd6 24. g3 h6 25. Nd2 Qb2 26. Qg4 Qxa2 27. Ne4 Qxb3 28. Nxd6 Rxd6 29. Qc8+ Kh7 30. Qf5+ Rg6 31. Rb1 Qa4 32. d6 Qe8 33. d7 Qd8 34. Re1 1-0